000 00884nam a2200241 i 4500
001 138965
003 ES-MaACL
005 20250830063103.0
007 t|
008 070214s1970 sp a |||| | spa d
100 1 _aSanz, Carlos,
_d1903-1979
_9103566
245 1 0 _aConcepto histórico-geográfico de la Creación
_b: mundo, otro mundo, Nuevo Mundo y Plus Ultra /
_cpor Carlos Sanz.
260 _aPalencia :
_b[s. n.],
_c1970 (
_fGráf. Diario Día)
300 _a10 h. :
_bil. ;
_c27 cm.
500 _aTirada aparte de : "La Caridad", año XXVIII, n. 223, septiembre-octubre 1969, p. 285-304.
650 4 _aHistoria universal-
_vCuriosidades.
_913431
650 4 _aGeografía-
_vCuriosidades.
_9168210
650 0 4 _aCreación.
_911403
852 _aES-MaACL
_j2075-F-12
852 _aES-MaACL
_j2075-F-13
852 _aES-MaACL
_j2075-F-14
999 _c138965
_d138965